MyGZULibrary

An introduction to random vibrations and spectral analysis / (Record no. 6197)

MARC details
000 -LEADER
fixed length control field 01028pam a2200301 a 4500
001 - CONTROL NUMBER
control field 1896225
003 - CONTROL NUMBER IDENTIFIER
control field GZU
005 - DATE AND TIME OF LATEST TRANSACTION
control field 20210420111653.0
008 - FIXED-LENGTH DATA ELEMENTS--GENERAL INFORMATION
fixed length control field 840601s1984 enka b 001 0 eng
010 ## - LIBRARY OF CONGRESS CONTROL NUMBER
LC control number 84012549
020 ## - INTERNATIONAL STANDARD BOOK NUMBER
International Standard Book Number 0582305306 (pbk.) :
Terms of availability £12.00 (est.)
040 ## - CATALOGING SOURCE
Original cataloging agency DLC
Transcribing agency DLC
Modifying agency DLC
050 00 - LIBRARY OF CONGRESS CALL NUMBER
Classification number TA340
Item number .NEW 1984
050 00 - LIBRARY OF CONGRESS CALL NUMBER
Classification number QA935
Item number NEW 1984
100 1# - MAIN ENTRY--PERSONAL NAME
Personal name Newland, D. E.
Fuller form of name (David Edward)
Relator term author
245 13 - TITLE STATEMENT
Title An introduction to random vibrations and spectral analysis /
Statement of responsibility, etc. D.E. Newland.
250 ## - EDITION STATEMENT
Edition statement 2nd ed.
260 ## - PUBLICATION, DISTRIBUTION, ETC.
Place of publication, distribution, etc. London ;
-- New York :
Name of publisher, distributor, etc. Longman,
Date of publication, distribution, etc. 1984.
300 ## - PHYSICAL DESCRIPTION
Extent xxvi, 377 p. :
Other physical details ill. ;
Dimensions 24 cm.
500 ## - GENERAL NOTE
General note Spine title: Random vibrations and spectral analysis.
500 ## - GENERAL NOTE
General note Includes index.
504 ## - BIBLIOGRAPHY, ETC. NOTE
Bibliography, etc. note Bibliography: p. [367]-372.
650 #0 - SUBJECT ADDED ENTRY--TOPICAL TERM
Topical term or geographic name entry element Random vibration.
650 #0 - SUBJECT ADDED ENTRY--TOPICAL TERM
Topical term or geographic name entry element Spectral theory (Mathematics)
General subdivision Data processing.
740 0# - ADDED ENTRY--UNCONTROLLED RELATED/ANALYTICAL TITLE
Uncontrolled related/analytical title Random vibrations and spectral analysis.
906 ## - LOCAL DATA ELEMENT F, LDF (RLIN)
a 7
b cbc
c orignew
d 1
e ocip
f 19
g y-gencatlg
942 ## - ADDED ENTRY ELEMENTS (KOHA)
Source of classification or shelving scheme Library of Congress Classification
Koha item type Books
Edition 2nd edition
Classification part 340
Item part NEW
Call number prefix TA
Holdings
Withdrawn status Lost status Source of classification or shelving scheme Damaged status Not for loan Collection code Home library Current library Shelving location Date acquired Inventory number Total Checkouts Full call number Barcode Date last seen Copy number Price effective from Koha item type
    Library of Congress Classification     Non-fiction City Campus Library City Campus Library General Stacks 04/20/2021 4584   TA340 NEW 1984 G20704 04/20/2021 c. 1 04/20/2021 Books
    Library of Congress Classification     Non-fiction City Campus Library City Campus Library General Stacks 04/20/2021 4591   TA340 NEW 1984 G20717 04/20/2021 c. 2 04/20/2021 Books